000 00631cam a22002292 4500
999 _c1709
_d1709
001 0000023380
003 OSt
005 20170526103951.0
008 121119s xx 000 0 eng d
020 _a0538474254 :
040 _aKABU
_cKABU
100 1 _aStair, Ralph.
245 1 0 _aInformation systems /
_cRalp M. Stair, George W. Reynolds.
250 _a9th ed.
260 _aLondon :
_bCengage Learning,
_c2010.
300 _axiv, 658 p.
650 0 _aManagement information systems.
700 1 _aReynolds, George W.
908 _a121119
942 _2lcc
_cBK